000
00274nam a22001217a 4500
008
170609b xxu||||| |||| 00| 0 eng d
041
_a
eng
080
_a
324
100
_a
19
101
_a
SHP
245
_a
PRESIDENTIAL AND AMERICAN POLITICS
_c
ASHER.H
942
_2
udc
_c
BK
999
_c
16808
_d
16808